[Event "VIE-ch U15"]
[Site "Hai Phong"]
[Date "2018.07.13"]
[Round "9"]
[White "Dao, Xuan Thuy"]
[Black "Do, Thanh Loc"]
[Result "1/2-1/2"]
[WhiteElo "1786"]
[BlackElo "1808"]
[PlyCount "55"]
[EventDate "2018.07.07"]
[EventType "swiss"]
[EventRounds "9"]
[EventCountry "VIE"]
[SourceTitle "EXT 2019"]
[Source "ChessBase"]
[SourceDate "2018.10.10"]
[SourceVersion "1"]
[SourceVersionDate "2018.10.10"]
[SourceQuality "1"]

1. e4 c5 2. Nf3 Nc6 3. d3 d6 4. Be2 Nf6 5. 0-0 g6 6. Nc3 Bg7 7. Be3 0-0 8. Qd2 a6 9. a4 Bg4 10. Nh4 Bxe2 11. Qxe2 Rb8 12. f4 e5 13. f5 Nd4 14. Bxd4 cxd4 15. Nd1 d5 16. Nf2 dxe4 17. Nxe4 Nd5 18. Qg4 Ne3 19. Qg3 Nxf1 20. Rxf1 Qc7 21. f6 Bh6 22. Nf5 Bf4 23. Qg4 h5 24. Ne7+ Kh7 25. Qh4 Bh6 26. Ng5+ Bxg5 27. Qxg5 Rh8 28. Rf5 1/2-1/2